00828nam a22002411 450000100060000000300080000600500170001400800410003103500190007204000320009104100080012308200210013110000310015224500570018326000340024030000280027450400510030265000270035365000370038094200120041799900170042995201400044633968BD-RjUL20211209052104.0140412s1964 nyu b 001 0 eng d a(BD-RjUL)34060 aDLCcDLCdDLCdBD-RjULbeng aeng00a301.15bBLE 19641 aBlau, Peter Michael.9616210aExchange and power in social lifecby Peter M. Blau. aNew York :bJ. Wiley, c1964. axxiii, 352 p. ;c24 cm. aIncludes bibliographical references and index. 0aSocial groups.9103240 0aInterpersonal relations.9103241 2ddccBK c33968d33968 00102ddc40718NFICaRUCLbRUCLcReadingd1980-10-04eNetherland, Gift.l0o301.15 BLE 1964r2014-05-12 00:00:00tC-1w2014-05-12yBK